| 000 | 00350nam a22001577a 4500 | ||
|---|---|---|---|
| 020 | _a0-14-131275-0 | ||
| 082 |
_a823 _bWEI/S |
||
| 100 | _aWEISS, ELLEN | ||
| 245 |
_aSHREK _bNOVELIZATION |
||
| 246 |
_aSHREK _bNOVELIZATION |
||
| 260 |
_aLONDON _bPENGUIN GROUP _c2001 |
||
| 300 | _a136 | ||
| 520 | _aSHORT STORY | ||
| 650 | _aSHORT STORY | ||
| 942 | _cBK | ||
| 999 |
_c3145 _d3145 |
||